Zákon o Štátnom fonde rozvoja bývania s komentárom
Úplné znenie zákona Národnej rady SR č. 124/1996 Z.z. o Štátnom fonde rozvoja bývania v znení zákona Národnej rady SR č. 1/1997 Z.z. a v znení zákona Národnej rady SR č. 76/2000, s komentárom.
Gespeichert in:
| 1. Verfasser: | |
|---|---|
| Format: | Buchkapitel |
| Sprache: | Slowakisch |
| Schlagworte: | |
| Tags: |
Keine Tags, Fügen Sie das erste Tag hinzu!
|
MARC
| LEADER | 00000naa a2200000 4500 | ||
|---|---|---|---|
| 001 | r038274 | ||
| 005 | 20230925100816.5 | ||
| 041 | 0 | |a slo | |
| 044 | |a SK | ||
| 245 | 1 | 0 | |a Zákon o Štátnom fonde rozvoja bývania s komentárom |c Pavol Giller |
| 520 | |a Úplné znenie zákona Národnej rady SR č. 124/1996 Z.z. o Štátnom fonde rozvoja bývania v znení zákona Národnej rady SR č. 1/1997 Z.z. a v znení zákona Národnej rady SR č. 76/2000, s komentárom. | ||
| 610 | 2 | 0 | |a fond rozvoja bývania |
| 610 | 2 | 0 | |a vzťahy právne |
| 610 | 2 | 0 | |a byty |
| 610 | 2 | 0 | |a výstavba bytová |
| 610 | 2 | 0 | |a štát |
| 610 | 2 | 0 | |a zákony |
| 610 | 2 | 0 | |a Slovensko |
| 100 | 1 | |a Giller, Pavol | |